000
00280nam a22001217a 4500
008
181009b xxu||||| |||| 00| 0 eng d
041
_a
eng
080
_a
159.9
100
_a
50
101
_a
SOC
245
_a
Women In Medical Renaissance Europe
_c
Gross.s
942
_2
udc
_c
BK
999
_c
49206
_d
49206